Devinez le Pays Mystère #123 - Statistiques

Statistiques générales
  • Ce quiz a été pris 222 fois
  • Le résultat moyen est 15 sur 21
Statistiques - réponses
Type de Réponse Réponse % Correct
Lettre Trouvée A
92%
Lettre Bien Placée A
85%
Lettre Trouvée E
84%
Lettre Trouvée M
81%
Lettre Bien Placée Z
77%
Lettre Trouvée Z
77%
Lettre Trouvée B
76%
Lettre Bien Placée M
75%
Lettre Trouvée U
75%
Lettre Trouvée O
72%
Lettre Bien Placée B
70%
Lettre Bien Placée M
70%
Lettre Bien Placée E
69%
Lettre Trouvée I
69%
Lettre Bien Placée O
65%
Lettre Bien Placée I
64%
Lettre Trouvée M
64%
Pays Mystère Mozambique
64%
Lettre Bien Placée Q
64%
Lettre Trouvée Q
64%
Lettre Bien Placée U
64%
Aucun quiz correspondant
Distribution des résultats
% des personnes avec chaque résultat
Percentile par nombre de réponses
Votre historique - résultats
Vous n’avez pas pris ce quiz